00786cam a2200217u 450000100060000000300080000600500170001400800410003103500190007204000330009104100080012408200180013210000530015024500710020326000580027430000190033265000380035194200120038999900170040195201500041825203BD-RjUL20211209050839.0140316s1911 enk 000 0 eng d a(BD-RjUL)25272 aDLCcCarPdDLCdBD-RjULbeng aeng00a954bJAE 19111 aJames, H. R.q(Henry Rosher),d1862-1931.97752710aEducation and statesmanship in India, 1797 to 1910 /c H. R. James aLondon ;aNew York :bLongmans, Green and co.,c1911. a143 p.c20 cm. 0aEducationzIndiaxHistory.973379 2ddccBK c25203d25203 00102ddc40728NFICaRUCLbRUCLcReadingd1963-10-18ePak American Coummisiong20.00l0o954 JAE 1911r2014-03-16 00:00:00tC-1w2014-03-16yBK